| 000 | 00978nam a22002537a 4500 | ||
|---|---|---|---|
| 999 |
_c17559 _d17559 |
||
| 003 | AR-CdUCM | ||
| 008 | 190509b ||||| |||| 00| 0 spa d | ||
| 040 |
_aMUNICIPALIDAD PROVINCIAL DEL CUSCO _cBIBLIOTECA MUNICIPAL DEL CUSCO |
||
| 082 |
_a301.35 / _bK22 |
||
| 100 |
_aKapsoli E., Wilfredo _937643 |
||
| 245 | _aLos movimientos campesinos en el Perú, 1879-1965 / | ||
| 260 |
_aLima : _bDelva Editores, _c1977. |
||
| 300 |
_a300 páginas ; _bIlustraciones, _c21 cm. |
||
| 505 | _aContenido: Los movimientos antifiscales: 1879-1896 -- Los movimientos milenaristas: 1919-1930 -- Los movimientos reformistas: 1945-1948 -- Movimientos revolucionarios: 1956-1965 ... | ||
| 650 |
_aMovimientos campesinos _97308 |
||
| 650 |
_aPerú _935 |
||
| 650 |
_aHistoria _9136 |
||
| 700 |
_aValladares, Manuel _937644 |
||
| 700 |
_aRengifo, Antonio _95421 |
||
| 700 |
_aFlores Galindo, Alberto _92837 |
||
| 700 |
_aBurga, Manuel _92836 |
||
| 942 |
_2ddc _cLIBROS |
||
| 945 |
_aacv _d2019-05-09 |
||